talk about fashion / (Record no. 177845)

MARC details
000 -LEADER
fixed length control field 01404nam a22003371i 4500
003 - CONTROL NUMBER IDENTIFIER
control field OSt
005 - DATE AND TIME OF LATEST TRANSACTION
control field 20200625160931.0
008 - FIXED-LENGTH DATA ELEMENTS--GENERAL INFORMATION
fixed length control field 200625t20102010si aoe|gr|||| 001 0 eng d
020 ## - INTERNATIONAL STANDARD BOOK NUMBER
International Standard Book Number 9782080301697
Terms of availability RM 33.80
Qualifying information paperback
040 ## - CATALOGING SOURCE
Original cataloging agency PPAK
Language of cataloging eng
Transcribing agency PPAK
Description conventions rda
082 04 - DEWEY DECIMAL CLASSIFICATION NUMBER
Edition number 23
Classification number 746.92
090 00 - LOCALLY ASSIGNED LC-TYPE CALL NUMBER (OCLC); LOCAL CALL NUMBER (RLIN)
Classification number (OCLC) (R) ; Classification number, CALL (RLIN) (NR) 746.92
Feature heading SCH
Feature heading R
100 1# - MAIN ENTRY--PERSONAL NAME
Personal name Schwaab, Catherine,
Relator term author.
245 10 - TITLE STATEMENT
Title talk about fashion /
Statement of responsibility, etc. CATHERINE SCHWAAB.
264 #1 - PRODUCTION, PUBLICATION, DISTRIBUTION, MANUFACTURE, AND COPYRIGHT NOTICE
Place of production, publication, distribution, manufacture Paris :
Name of producer, publisher, distributor, manufacturer Flammarion et Cie,
Date of production, publication, distribution, manufacture, or copyright notice 2011.
Date of production, publication, distribution, manufacture, or copyright notice ©2011
300 ## - PHYSICAL DESCRIPTION
Extent 256 pages :
Other physical details colour photographs ;
Dimensions 23 cm.
336 ## - CONTENT TYPE
Source rdacontent
Content type term text
Source rdacontent
Content type term still image
337 ## - MEDIA TYPE
Source rdamedia
Media type term unmediated
338 ## - CARRIER TYPE
Source rdacarrier
Carrier type term volume
504 ## - BIBLIOGRAPHY, ETC. NOTE
Bibliography, etc. note Includes bibliographical references and index.
505 ## - FORMATTED CONTENTS NOTE
Title Oh fashion!
-- If you like
-- Fashion & Co.
-- Fashion myths
-- Lessons in vintage fashion
-- Menswear
-- They dared to do it
-- Key dates
-- 30 designers.
520 ## - SUMMARY, ETC.
Summary, etc. In 'Talk About Fashion', Catherine Schwaab uses her lengthy experience as a fashion journalist to break the subject down into lively and concise sections. The book offers a chronology of the major trends of the 20th century, introducing 30 designers and their signature pieces that define fashion today.
611 #0 - SUBJECT ADDED ENTRY--MEETING NAME
Meeting name or jurisdiction name as entry element Shanghai World Expo
Location of meeting China
Date of meeting 2010 :
650 #0 - SUBJECT ADDED ENTRY--TOPICAL TERM
Topical term or geographic name entry element Fashion.
Topical term or geographic name entry element Fashion designers.
Topical term or geographic name entry element Design
Topical term or geographic name entry element Mode
942 ## - ADDED ENTRY ELEMENTS (KOHA)
Source of classification or shelving scheme Dewey Decimal Classification
Koha item type Book
Holdings
Withdrawn Not for loan Current library Shelving location Date acquired Full call number Barcode Date last seen Koha item type
    Perpustakaan Alor Setar Pinjaman Dewasa 13/07/2020 746.92 SCH A01645250 13/07/2020 Book
    Perpustakaan Awam Sungai Petani Pinjaman Dewasa 13/07/2020 746.92 SCH A01645251 13/07/2020 Book